| 000 | 00320nam a2200109Ia 4500 | ||
|---|---|---|---|
| 008 | 230907s9999||||xx |||||||||||||| ||und|| | ||
| 082 |
_a333.720994 _bSUS |
||
| 245 | 0 | _aSustainable coastal management and climate adaptation : | |
| 260 |
_aCRC Press, CSIRO Publishing, _bAustralia : _c2012 |
||
| 300 | _a222 p. | ||
| 942 | _cBK | ||
| 999 |
_c601151 _d601151 |
||